EL LADO OSCURO DE DIOS /
Guardado en:
| Autor principal: | |
|---|---|
| Formato: | Libro |
| Colección: | BIBLIOTECA IBEROAMERICANA DE ENSAYO ;
2 |
| Temas: | |
| Etiquetas: |
Sin etiquetas, Sé el primero en etiquetar este registro!
|
MARC
| LEADER | 00000nam^a2200000^a^4500 | ||
|---|---|---|---|
| 001 | 000248386 | ||
| 005 | 20250521000000.0 | ||
| 009 | 20260310105645.945 | ||
| 020 | |a 968-853-386-6 | ||
| 035 | |a 071931 | ||
| 037 | |a Acervo Xavier Clavigero | ||
| 082 | |a 211. |b CAB | ||
| 100 | |a Cabrera, Isabel |e (autor) | ||
| 245 | 1 | 3 | |a EL LADO OSCURO DE DIOS / |c ISABEL CABRERA |
| 264 | |a MEXICO : |b PAIDOS, UNAM, |c 1998 | ||
| 300 | |a 207 p. | ||
| 336 | |a texto |b txt |2 rdacontenido | ||
| 337 | |a sin mediación |b n |2 rdamedio | ||
| 338 | |a volumen |b nc |2 rdasoporte | ||
| 440 | |a BIBLIOTECA IBEROAMERICANA DE ENSAYO ; |v 2 | ||
| 649 | |a XX | ||
| 650 | |a Dios | ||
| 650 | |a Dios - |x Cognoscibilidad | ||
| 910 | |a Fondo General | ||
| 920 | |a Impresos - Libros | ||
| 930 | |a Colección General | ||
| 905 | |a 101 | ||
| 901 | |a 071931 |b IT1 |c ACC |i 071931 |u 20250521 | ||
| 902 | |a https://opac.biblio.iteso.mx/vufind/Record/000248386 | ||